MARC details
| 000 -LEADER |
| fixed length control field |
02187nam a2200601 i 4500 |
| 001 - CONTROL NUMBER |
| control field |
991053096935605066 |
| 003 - CONTROL NUMBER IDENTIFIER |
| control field |
NyNyJPI |
| 005 - DATE AND TIME OF LATEST TRANSACTION |
| control field |
20260413163548.0 |
| 008 - FIXED-LENGTH DATA ELEMENTS--GENERAL INFORMATION |
| fixed length control field |
231124s2023 pl |000 0 pol c |
| 009 - PHYSICAL DESCRIPTION FIXED-FIELD FOR ARCHIVAL COLLECTION (VM) [OBSOLETE] |
| fixed length control field |
b1000003053209 |
| 015 ## - NATIONAL BIBLIOGRAPHY NUMBER |
| National bibliography number |
UWD 2025/17456 |
| 020 ## - INTERNATIONAL STANDARD BOOK NUMBER |
| International Standard Book Number |
9788366219908 |
| Qualifying information |
(oprawa miękka) : |
| Terms of availability |
zł 49,90 |
| 035 ## - SYSTEM CONTROL NUMBER |
| System control number |
(PL)b1000003053209 |
| 035 ## - SYSTEM CONTROL NUMBER |
| System control number |
(EXLNZ-48OMNIS_NETWORK)9913626959805606 |
| 040 ## - CATALOGING SOURCE |
| Original cataloging agency |
KR U |
| Transcribing agency |
KR U |
| Modifying agency |
KR U |
| -- |
MBPWR |
| -- |
LUBL M |
| -- |
ELBLAG M |
| -- |
MBPB |
| -- |
OLSZT W |
| -- |
KOSZ W |
| -- |
WR M |
| -- |
ELBLAG M |
| -- |
WA 392 |
| -- |
WA N |
| 045 0# - TIME PERIOD OF CONTENT |
| Formatted 9999 B.C. through C.E. time period |
d2022 |
| 046 ## - SPECIAL CODED DATES |
| Beginning or single date created |
2023 |
| 080 ## - UNIVERSAL DECIMAL CLASSIFICATION NUMBER |
| Field link and sequence number |
1.1\x |
| Universal Decimal Classification number |
327(438) |
| 080 ## - UNIVERSAL DECIMAL CLASSIFICATION NUMBER |
| Field link and sequence number |
1.2\x |
| Universal Decimal Classification number |
327(477) |
| 084 ## - OTHER CLASSIFICATION NUMBER |
| Classification number |
10 |
| 100 1# - MAIN ENTRY--PERSONAL NAME |
| Personal name |
Parafianowicz, Zbigniew |
| Dates associated with a name |
(1979- ) |
| Relator term |
Autor |
| 245 10 - TITLE STATEMENT |
| Title |
Polska na wojnie / |
| Statement of responsibility, etc. |
Zbigniew Parafianowicz. |
| 260 ## - PUBLICATION, DISTRIBUTION, ETC. |
| Place of publication, distribution, etc. |
Warszawa : |
| Name of publisher, distributor, etc. |
Wydawnictwo Czerwone i Czarne, |
| Date of publication, distribution, etc. |
2023. |
| 300 ## - PHYSICAL DESCRIPTION |
| Extent |
262, [2] strony ; |
| Dimensions |
23 cm. |
| 336 ## - CONTENT TYPE |
| Content type term |
Tekst |
| Content type code |
txt |
| Source |
rdacontent |
| 337 ## - MEDIA TYPE |
| Media type term |
Bez urządzenia pośredniczącego |
| Media type code |
n |
| Source |
rdamedia |
| 338 ## - CARRIER TYPE |
| Carrier type term |
Wolumin |
| Carrier type code |
nc |
| Source |
rdacarrier |
| 380 ## - FORM OF WORK |
| Form of work |
Książki |
| 380 ## - FORM OF WORK |
| Form of work |
Literatura faktu, eseje, publicystyka |
| 388 1# - TIME PERIOD OF CREATION |
| Time period of creation term |
2001- |
| 500 ## - GENERAL NOTE |
| General note |
Na okładce: Nieznane fakty, kulisy rozmów. Wielkość i małość polskiej polityki. |
| 600 17 - SUBJECT ADDED ENTRY--PERSONAL NAME |
| Personal name |
Duda, Andrzej |
| Dates associated with a name |
(1972- ) |
| Source of heading or term |
DBN |
| 600 17 - SUBJECT ADDED ENTRY--PERSONAL NAME |
| Personal name |
Zełenski, Wołodymyr |
| Dates associated with a name |
(1978- ) |
| Source of heading or term |
DBN |
| 648 #7 - SUBJECT ADDED ENTRY--CHRONOLOGICAL TERM |
| Chronological term |
2001- |
| Source of heading or term |
DBN |
| 650 #7 - SUBJECT ADDED ENTRY--TOPICAL TERM |
| Topical term or geographic name entry element |
Agresja rosyjska na Ukrainę (2022) |
| Source of heading or term |
DBN |
| 650 #7 - SUBJECT ADDED ENTRY--TOPICAL TERM |
| Topical term or geographic name entry element |
Bezpieczeństwo narodowe |
| Source of heading or term |
DBN |
| 650 #7 - SUBJECT ADDED ENTRY--TOPICAL TERM |
| Topical term or geographic name entry element |
Polityka międzynarodowa |
| Source of heading or term |
DBN |
| 650 #7 - SUBJECT ADDED ENTRY--TOPICAL TERM |
| Topical term or geographic name entry element |
Polityka wewnętrzna |
| Source of heading or term |
DBN |
| 650 #7 - SUBJECT ADDED ENTRY--TOPICAL TERM |
| Topical term or geographic name entry element |
Polityka zagraniczna |
| Source of heading or term |
DBN |
| 650 #7 - SUBJECT ADDED ENTRY--TOPICAL TERM |
| Topical term or geographic name entry element |
Stosunki bilateralne |
| Source of heading or term |
DBN |
| 650 #0 - SUBJECT ADDED ENTRY--TOPICAL TERM |
| Topical term or geographic name entry element |
International relations |
| General subdivision |
History |
| Chronological subdivision |
21st century |
| 650 #0 - SUBJECT ADDED ENTRY--TOPICAL TERM |
| Topical term or geographic name entry element |
Russian Invasion of Ukraine, 2022 |
| General subdivision |
Influence. |
| 650 #7 - SUBJECT ADDED ENTRY--TOPICAL TERM |
| Topical term or geographic name entry element |
Międzynarodowe stosunki polityczne |
| Source of heading or term |
DBN |
| 651 #7 - SUBJECT ADDED ENTRY--GEOGRAPHIC NAME |
| Geographic name |
Polska |
| Source of heading or term |
DBN |
| 651 #7 - SUBJECT ADDED ENTRY--GEOGRAPHIC NAME |
| Geographic name |
Ukraina |
| Source of heading or term |
DBN |
| 651 #0 - SUBJECT ADDED ENTRY--GEOGRAPHIC NAME |
| Geographic name |
Poland |
| General subdivision |
Foreign relations |
| Chronological subdivision |
21st century. |
| 651 #0 - SUBJECT ADDED ENTRY--GEOGRAPHIC NAME |
| Geographic name |
Poland |
| General subdivision |
Foreign relations |
| Geographic subdivision |
Ukraine |
| 651 #0 - SUBJECT ADDED ENTRY--GEOGRAPHIC NAME |
| Geographic name |
Ukraine |
| General subdivision |
Foreign relations |
| Geographic subdivision |
Poland. |
| 655 #7 - INDEX TERM--GENRE/FORM |
| Genre/form data or focus term |
Publicystyka polityczna |
| Source of term |
DBN |
| 658 ## - INDEX TERM--CURRICULUM OBJECTIVE |
| Main curriculum objective |
Polityka, politologia, administracja publiczna |
| 710 2# - ADDED ENTRY--CORPORATE NAME |
| Corporate name or jurisdiction name as entry element |
Czerwone i Czarne |
| Relator term |
Wydawca |
| Relationship |
pbl |
| 942 ## - ADDED ENTRY ELEMENTS (KOHA) |
| Source of classification or shelving scheme |
Other/Generic Classification Scheme |
| Koha item type |
Books |
| Suppress in OPAC |
No |